It looks like you're offline.
Open Library logo
additional options menu

MARC record from Internet Archive

LEADER: 01609cam a2200397 a 4500
001 2011921327
003 DLC
005 20130906080921.0
008 110121s2011 ne b 001 0 eng d
010 $a 2011921327
016 7 $a015702002$2Uk
020 $a9789400705722
020 $a9400705727
035 $a(OCoLC)ocn690089117
040 $aBTCTA$beng$cBTCTA$dYDXCP$dBWX$dCDX$dCOO$dSINIE$dGSU$dDEBBG$dUKMGB$dDLC
042 $alccopycat
050 00 $aLB1132$b.T73 2011
082 04 $a372.2/1$222
084 $a5,3$2ssgn
084 $aDK 2000$2rvk
084 $aDK 3010$2rvk
245 00 $aTransitions to early care and education :$binternational perspectives on making schools ready for young children /$cDeAnna M. Laverick, Mary Renck Jalongo, editors.
260 $aDordrecht ;$aNew York :$bSpringer,$cc2011.
300 $axv, 204 p. ;$c25 cm.
490 1 $aEducating the young child ;$vv. 4
504 $aIncludes bibliographical references and index.
650 0 $aReadiness for school.
650 0 $aEarly childhood education.
650 07 $aAufsatzsammlung.$2swd
650 07 $aSchulanfang.$2swd
700 1 $aLaverick, DeAnna M.
700 1 $aJalongo, Mary Renck.
830 0 $aEducating the young child ;$vv. 4.
856 $uhttp://bvbr.bib-bvb.de:8991/F?func=service&doc_library=BVB01&doc_number=021115149&line_number=0001&func_code=DB_RECORDS&service_type=MEDIA$zInhaltsverzeichnis
856 42 $3Publisher description$uhttp://www.loc.gov/catdir/enhancements/fy1312/2011921327-d.html
856 41 $3Table of contents only$uhttp://www.loc.gov/catdir/enhancements/fy1312/2011921327-t.html